000 00496nam a2200181Ia 4500
001 23540
005 20260414150944.0
008 260414t2007||||xx |||||||||||||| ||spa||
041 _aESP
082 _a660.2842
_bG34
100 _aGeankoplis, Christie John
_eAUT
245 0 _aTransport processes and separation process principles :
_b(includes unit operations)
260 _c2007
300 _axiii, 1026 páginas :
_c25 cm.
650 _aTCA
654 _aCII
942 _cLIB
_dJUS
_fJUS
_2ddc
_n
999 _c23540
_d23540